| 000 | 00754nam a2200217Ii 4500 | ||
|---|---|---|---|
| 003 | JO-AjNU | ||
| 008 | 230605s9999||||xx |||||||||||||| ||und|| | ||
| 017 | _a2008/1/168 | ||
| 040 |
_aJO-AjNU _bara _erda _cJO-AjNU |
||
| 041 | _aara | ||
| 050 | 1 | 4 | _aPJ6151.S2568 2011 |
| 100 | 3 |
_aالسامرائي، فاضل صالح, _eauthor _943203 |
|
| 245 | 0 | 0 | _aمعاني النحو مج2، ج3 |
| 250 | _aط5 | ||
| 264 | 3 | 1 | _aعمان: دار الفكر ناشرون وموزعون، 2009 |
| 300 |
_aمج2،ج3، 304ص _bمزيدة ومنقحة |
||
| 336 |
_atext _btxt _2rdacontent |
||
| 337 |
_aunmediated _bn _2rdamedia |
||
| 338 |
_avolume _bnc _2rdacarrier |
||
| 650 | 4 |
_aقواعد اللغة-اللغة العربية-معاني الكلمات _943204 |
|
| 999 |
_aA18557 _c22125 _d22125 |
||